00788nam a2200205 a 450000100100000000500170001000800410002702000150006804000250008310000430010824500790015126000470023030000210027749000370029850000210033571000600035683000440041695201050046099900170056500004101620201002034543.0130925s1973 sp 001 0 spa d a8400038460 aDO-SdBNPbspacBNPHU1 aCruz Pérez y Pérez, María96747910aBibliografia del teatro de Lope de Vega /cMaría Cruz Pérez y Pérez. aMadrid :bInstituto de Filología,c1973. a128 p. ;c25 cm.1 aCuadernos bibliográficos ;v29 aIncluye índice2 aConsejo Superior de Investigaciones Científicas94786 0aCuadernos bibliográficos ;n29967480 001050718MOaGRbGRcCTd2013-09-13iLF1l0o p41016-10r2020-06-25w2020-06-25y1ZNo se presta c40506d40506